Formel 1 Podium 2020 - Statistiken

Allgemein
  • Dieses Quiz wurde 808 mal gespielt
  • Das Durchschnittsergebnis liegt bei 12 aus 13
Antwortstatistiken
Antwort % Korrekt
Lewis Hamilton
100%
Max Verstappen
100%
Valtteri Bottas
98%
Charles Leclerc
97%
Sebastian Vettel
97%
Carlos Sainz
93%
Sergio Perez
93%
Pierre Gasly
92%
Lando Norris
91%
Daniel Ricciardo
89%
Esteban Ocon
82%
Lance Stroll
79%
Alexander Albon
75%
Keine übereinstimmenden Quizze gefunden
Verteilung der Resultate
Anzahl Personen mit jedem Resultat
Perzentil nach korrekt beantworteten Fragen
Ihre Resultats-Entwicklung
Sie haben dieses Quiz noch nicht gespielt